00550nam a22001577a 4500003000900000005001700009008004100026040001300067100002500080245004300105250000700148260002200155300001900177490001500196520018100211IT-RoPau20220918175939.0130129b xxu||||| |||| 00| 0 eng d cIT-RoPau aCollesei , Gabriella aTecla MerlobMille vite per il Vangelo aII aMilanobFSPc2003 a45 p.c18,5 cm aPaolinevI aIndice Castagnito - Teresa Alba - Don Alberione Susa - <> Roma - Apostolato e spiritualità€ Il mondo - L'umanità€ Roma - L'offerta Albano - La malattia Il paradiso - La meta